Финансы в малом бизнесе: практический подход: пер. с англ.

Bibliographic Details
Main Author: Лембден Дж. К. Джон К.
Other Authors: Таргет Д. Дейвид
Language:Russian
Published: Москва, Финансы и статистика, 1992
Subjects:
Format: Book
KOHA link:https://koha.lib.tpu.ru/cgi-bin/koha/opac-detail.pl?biblionumber=17560

MARC

LEADER 00000nam0a2200000 4500
001 17560
005 20231030190936.0
010 |a 5279010111 
035 |a (RuTPU)RU\TPU\book\17704 
035 |a BOOK00002392 
090 |a 17560 
100 |a 20011209d1992 km y0rusy50 ca 
101 1 |a rus  |c eng 
102 |a RU 
105 |a a z 000zy 
200 1 |a Финансы в малом бизнесе: практический подход  |e пер. с англ.  |f Дж. К. Лембден, Д. Таргет 
210 |a Москва  |c Финансы и статистика  |c Аудит  |d 1992 
215 |a 128 с.  |c ил. 
610 1 |a экономика 
610 1 |a бизнес 
610 1 |a финансы 
610 1 |a малый бизнес 
686 |a У826  |v LBC/SL-A  |2 rubbk 
700 1 |a Лембден  |b Дж. К.  |g Джон К. 
701 1 |a Таргет  |b Д.  |g Дейвид 
801 0 |a RU  |b 63413507  |c 20011209  |g PSBO 
801 2 |a RU  |b 63413507  |c 20180704  |g PSBO 
942 |c BK